Statistics for 50 Football Clubs with the highest attendance

Click here to take the quiz!

General Stats

  • This quiz has been taken 63 times
  • The average score is 32 of 50

Answer Stats

Average AttendanceCountryClub% Correct
73.781GermanyBayern Munich
100%
80.230GermanyBorussia Dortmund
100%
75.218EnglandManchester United
98%
69.822SpainReal Madrid
98%
59.973EnglandArsenal
96%
74.876SpainFC Barcelona
96%
49.781NetherlandsAFC Ajax
94%
50.664EnglandManchester City
94%
49.697ScotlandCeltic FC
92%
41.463EnglandChelsea FC
90%
47.861EnglandLiverpool FC
90%
41.495ItalyAC Milan
88%
49.054ScotlandGlasgow Rangers
88%
41.355EnglandTottenham Hotspur
88%
52.349GermanyHamburger SV
86%
46.654ItalyInter Milan
86%
45.912FranceParis Saint-Germain
86%
38.778ItalyJuventus FC
84%
50.077PortugalSL Benfica
82%
37.621ItalyAS Roma
80%
47.553SpainAtletico Madrid
80%
44.169FranceOlympique Marseille
80%
61.328GermanySchalke 04
80%
50.721EnglandNewcastle United
76%
38.995FranceOlympique Lyonnais
76%
39.068PortugalSporting CP
73%
37.615SpainValencia CF
73%
38.475ItalySSC Napoli
71%
38.451EnglandEverton FC
69%
46.314NetherlandsFeyenoord
67%
43.567EnglandWest Ham United
63%
52.012GermanyVfB Stuttgart
57%
49.476GermanyHertha BSC
55%
47.942GermanyEintracht Frankfurt
53%
40.860GermanyWerder Bremen
51%
38.974SpainAthletic Club Bilbao
47%
51.369GermanyBorussia Mönchengladbach
45%
48.346GermanyFC Köln
45%
41.966GermanyHannover 96
41%
39.249EnglandSunderland AFC
33%
41.527MexicoClub America
31%
51.547USAAtlanta United
18%
44.905ChinaGuangzhou Evergrande
16%
35.664SpainReal Betis
16%
41.091MexicoTigres UANL
14%
38.761ChinaBeijing Guoan
10%
40.658MexicoCF Monterrey
10%
36.025IranPersepolis FC
8%
42.797USASeattle Sounders
8%
36.468JapanUrawa Red Diamonds
0%

Score Distribution

Percentile by Number Answered

Percent of People with Each Score

Your Score History

You have not taken this quiz